00434nam a22001697a 4500003000400000005001700004008004100021020002200062040000900084082001700093100004400110245001400154250000700168260005200175300001000227650002700237OSt20231017162901.0231017b |||||||| |||| 00| 0 eng d a978-93-82628-08-8 cSBCL a158.1bKOT-I aKottaram, Sebin S and Kottaram, Jobin S aI Can Win a15 aKottayambDolphin Books India Media Groupc2018 a258p. 2PsychologyxPhilosophy